Największe kanały na polskim Youtube - Statystyki

Ogólne statystyki
  • Ten quiz został rozwiązany 139 razy
  • Średni wynik to 5 z 15
Statystyki odpowiedzi
Miejsce Nazwa Kanału % Poprawnych
2. Blowek
98%
3. Karol Friz Wiśniewski
71%
4. ReZigiusz
69%
1. Bazylland
61%
5. Stuu
51%
8. Naruciak
45%
15. WERSOW
32%
7. SA Wardega
26%
10. AbstrachujeTV
25%
9. SBM
22%
13. IsAmU
21%
6. Step Records
15%
14. Planeta Faktów
10%
12. Cartoonito Polska
0%
11. Power Of Gameplay
0%
Nie znaleziono quizów pasujących do podanych kryteriów
Rozkład punktacji
Procent ludzi z każdym wynikiem
Percentyl według liczby udzielonych odpowiedzi
Twoja historia wyników
Nie rozwiązałeś tego quizu